00631pab a2200181 454500008004000000100001500040245012500055260000900180300001500189362001200204650001700216700002100233773005600254908000600310909001000316999001700326952010600343180718b2009 xxu||||| |||| 00| 0 eng d aKaul, J.L. aRevisiting award of compensation for violation of fundamental human rights: An analysis of Indian Supreme Court decision c2009 ap.185-211. aJul-Dec aHuman rights aTikoo, Anju Vali aJournal of Constitutional and Parliamentary Studies aN a89488 c89488d89488 00104070aIIPAbIIPAd2018-07-19hVolume no: 43, Issue no: 3-4pAR89948r2018-07-19w2018-07-19yAR